| 000 | 00956cam a22002534a 4500 | ||
|---|---|---|---|
| 001 | 13695977 | ||
| 005 | 20241214145752.0 | ||
| 008 | 040824s2006 maua 001 0 eng | ||
| 020 | _a9780072501780 | ||
| 050 | 0 | 0 |
_aQM151 _b.S76 2006 |
| 082 | 0 | 0 |
_a611/.73/0222 _222 |
| 100 | 1 | _aStone, Robert J. | |
| 245 | 1 | 0 |
_aAtlas of skeletal muscles / _cRobert J. Stone, Judith A. Stone. |
| 250 | _a5th ed. | ||
| 260 |
_aBoston : _bMcGraw-Hill Higher Education, _cc2006. |
||
| 300 |
_aix, 225 p. : _bill. ; _c28 cm. |
||
| 500 | _aIncludes index. | ||
| 650 | 0 |
_aStriated muscle _vAtlases. |
|
| 700 | 1 | _aStone, Judith A. | |
| 856 | 4 | 1 |
_3Table of contents only _uhttp://www.loc.gov/catdir/toc/ecip0422/2004019992.html |
| 856 | 4 | 2 |
_3Publisher description _uhttp://www.loc.gov/catdir/enhancements/fy0616/2004019992-d.html |
| 856 | 4 | 2 |
_3Contributor biographical information _uhttp://www.loc.gov/catdir/enhancements/fy0737/2004019992-b.html |
| 942 |
_2lcc _cBK _e5th ed. _n0 |
||
| 999 |
_c2228 _d2228 |
||